| 000 | 00421nam a22001697a 4500 | ||
|---|---|---|---|
| 020 | _a9789354321856 | ||
| 082 |
_aM3 _bADA/D |
||
| 100 | _aAdarsh S | ||
| 245 |
_aDark net: _bthe digital underworld/ _cAdarsh S |
||
| 260 |
_aKottayam: _bD C Books, _c2021. |
||
| 300 | _a343p. | ||
| 650 | _aNovel Malayalam | ||
| 650 | _aCrime Novel Malayalam | ||
| 650 | _aLiterature Malayalam | ||
| 650 | _aLiterature | ||
| 942 | _cBK | ||
| 999 |
_c181914 _d181914 |
||